000 00599cam a22002053a 4500
001 40674
003 PGUSA
005 20140828083917.0
008 120905s2012||||xxu|||||s|||||000 | eng d
040 _aPGUSA
_beng
042 _adc
100 1 _aFenn, George Manville,
_d1831-1909
245 1 0 _aSawn Off :
_bA Tale of a Family Tree
_h[electronic resource] /
_cGeorge Manville Fenn
260 _bProject Gutenberg,
_c2012
506 _aPublic domain in the USA.
516 _aElectronic text
830 0 _aProject Gutenberg
_v40674
856 4 0 _uhttp://www.gutenberg.org/ebooks/40674
942 _cEB
999 _c269927
_d269927